U.S. Coinage - Series Replaced Quiz Stats

 Plays Quiz not verified by Sporcle

Also try: Gimme an 'A'
Challenge
Share
Tweet
Embed
Score 0/5 Timer 02:00
0 Plays Today
Current Series Series Replaced % Correct
Jefferson NickelBuffalo Nickel
100%
Lincoln CentIndian Head Cent
72.2%
Kennedy HalfFranklin Half
66.7%
Roosevelt DimeMercury Dime
61.1%
Washington QuarterStanding Liberty Quarter
50%

You're not logged in!

Compare scores with friends on all Sporcle quizzes.
Join for Free
OR
Log In

You Might Also Like...

Show Comments

Extras

Created Mar 29, 2011ReportNominate
Tags:coinage, replaced

Top Quizzes Today


Score Distribution

Your Account Isn't Verified!

In order to create a playlist on Sporcle, you need to verify the email address you used during registration. Go to your Sporcle Settings to finish the process.

Report this User

Report this user for behavior that violates our Community Guidelines.

Details: